Differential geometry /
Guardado en:
| Autor Principal: | |
|---|---|
| Otros Autores: | |
| Formato: | Libro |
| Idioma: | English Russian |
| Publicado: |
Groningen, The Netherlands :
P. Noordhoff,
[1959?]
|
| Etiquetas: |
Agregar Etiqueta
Sin Etiquetas, Sea el primero en etiquetar este registro!
|
| LEADER | 00633nam a22001815a 4500 | ||
|---|---|---|---|
| 001 | MAT.inmabb000877 | ||
| 008 | 031119q1959####ne#a##########000#0#eng#d | ||
| 005 | 20110419164932.0 | ||
| 245 | 1 | 0 | |a Differential geometry / |c A. V. Pogorelov ; translated from the first Russian edition by Leo F. Boron. |
| 260 | |a Groningen, The Netherlands : |b P. Noordhoff, |c [1959?] | ||
| 300 | |a ix, 171 p. : |b il. ; |c 24 cm. | ||
| 510 | 4 | |a MR, |c 22 #4990 | |
| 100 | 1 | |a Pogorelov, A. V. |q (Aleksei Vasil´evich), |d 1919- | |
| 700 | 1 | |a Boron, Leo F. |4 trl | |
| 084 | |a 53-01 |2 msc2000 | ||
| 010 | |a 59040966 | ||
| 041 | 1 | |a eng |h rus | |
| 859 | |h 53 |i P746d |p A-708 |b BIB. MATEMATICA | ||
